[Event "Keres Memorial rap 33rd"]
[Site "Tallinn"]
[Date "2024.01.07"]
[Round "9"]
[White "Sivuk, Vitaly"]
[Black "Nyback, Tomi"]
[Result "1-0"]
[WhiteElo "2502"]
[BlackElo "2578"]
[PlyCount "75"]
[EventDate "2024.01.06"]
[EventType "swiss (rapid)"]
[EventRounds "11"]
[EventCountry "EST"]
[SourceTitle "CB02_2024"]
[SourceDate "2024.01.10"]
[SourceVersion "1"]
[SourceVersionDate "2024.01.10"]
[SourceQuality "1"]

1. d4 Nf6 2. c4 g6 3. Nc3 d5 4. cxd5 Nxd5 5. e4 Nxc3 6. bxc3 Bg7 7. Bc4 c5 8. Ne2 0-0 9. 0-0 Nc6 10. Be3 b6 11. h4 e6 12. h5 Bb7 13. h6 Bf6 14. Qd2 Rc8 15. Rac1 Na5 16. Bd3 b5 17. Rfd1 a6 18. f3 Nc6 19. dxc5 Ne5 20. Nd4 Qc7 21. Qf2 Rfd8 22. Be2 Qa5 23. f4 Nd7 24. f5 e5 25. Ne6 Be7 26. Nxd8 Rxd8 27. fxg6 fxg6 28. Rxd7 Rxd7 29. Bg4 Qd8 30. Be6+ Kh8 31. Qf7 Bxc5 32. Bxd7 Bxe3+ 33. Kf1 Bxh6 34. Rd1 Qh4 35. Qe8+ Kg7 36. Qxe5+ Kf8 37. Qh8+ Ke7 38. Qe8+ 1-0

[Event "Heraklion Fischer Memorial 9th"]
[Site "Heraklion"]
[Date "2023.11.09"]
[Round "9"]
[White "Nyback, Tomi"]
[Black "Hristodoulou, Panagiotis"]
[Result "1-0"]
[WhiteElo "2566"]
[BlackElo "2370"]
[PlyCount "87"]
[EventDate "2023.11.01"]
[EventType "tourn"]
[EventRounds "9"]
[EventCountry "GRE"]
[EventCategory "6"]
[SourceTitle "CB46_2023"]
[SourceDate "2023.11.15"]
[SourceVersion "1"]
[SourceVersionDate "2023.11.15"]
[SourceQuality "1"]

1. Nf3 d5 2. g3 Bg4 3. Bg2 e6 4. 0-0 c6 5. d4 Nf6 6. c4 Nbd7 7. h3 Bh5 8. Qb3 Qb6 9. Nc3 Be7 10. Nh4 Bg6 11. Nxg6 hxg6 12. Rd1 0-0 13. g4 Qc7 14. a3 Rfd8 15. Qa2 dxc4 16. Qxc4 e5 17. Be3 Nb6 18. Qb3 exd4 19. Rxd4 Rxd4 20. Bxd4 Rd8 21. Rd1 Bd6 22. a4 Be5 23. Be3 Rxd1+ 24. Nxd1 Nfd5 25. a5 Nd7 26. Bxd5 cxd5 27. Qxd5 a6 28. Bb6 Nxb6 29. axb6 Qe7 30. Kf1 Kh7 31. b3 Qd6 32. Ne3 Qxb6 33. Qxe5 Qxb3 34. Qd5 Qb1+ 35. Kg2 f6 36. Qe6 Qb5 37. Nd5 a5 38. Qf7 Qxe2 39. Nxf6+ Kh6 40. Ng8+ Kg5 41. Kg3 Qd3+ 42. f3 Qd6+ 43. f4+ Qxf4+ 44. Qxf4# 1-0

[Event "Tallinn Leito Memorial"]
[Site "Tallinn"]
[Date "2023.02.04"]
[Round "6"]
[White "Ehlvest, Jaan"]
[Black "Nyback, Tomi"]
[Result "1/2-1/2"]
[WhiteElo "2530"]
[BlackElo "2567"]
[PlyCount "53"]
[EventDate "2023.02.04"]
[EventType "swiss (rapid)"]
[EventRounds "9"]
[EventCountry "EST"]
[SourceTitle "CBM 212 Extra"]
[Source "ChessBase"]
[SourceDate "2023.03.31"]
[SourceVersion "1"]
[SourceVersionDate "2023.03.31"]
[SourceQuality "1"]

1. d4 Nf6 2. c4 g6 3. Nf3 Bg7 4. e3 0-0 5. Be2 c5 6. d5 d6 7. Nc3 e6 8. Nd2 Na6 9. 0-0 Nc7 10. e4 Re8 11. f3 b6 12. Kh1 Ba6 13. a4 Nh5 14. g3 exd5 15. cxd5 Bxc3 16. bxc3 Bxe2 17. Qxe2 Nxd5 18. Bb2 Qd7 19. Qf2 Nc7 20. c4 Ne6 21. Rfd1 Nd4 22. Nf1 f5 23. Rxd4 cxd4 24. Qxd4 Qg7 25. Qd5+ Qf7 26. Qd4 Qg7 27. Qd5+ 1/2-1/2

[Event "Tallinn Leito Memorial"]
[Site "Tallinn"]
[Date "2023.02.04"]
[Round "2"]
[White "Mikko, Rondo"]
[Black "Nyback, Tomi"]
[Result "0-1"]
[WhiteElo "1665"]
[BlackElo "2567"]
[PlyCount "80"]
[EventDate "2023.02.04"]
[EventType "swiss (rapid)"]
[EventRounds "9"]
[EventCountry "EST"]
[SourceTitle "CBM 212 Extra"]
[Source "ChessBase"]
[SourceDate "2023.03.31"]
[SourceVersion "1"]
[SourceVersionDate "2023.03.31"]
[SourceQuality "1"]

1. d4 Nf6 2. Nf3 g6 3. g3 Bg7 4. Bg2 0-0 5. 0-0 d5 6. b3 c5 7. e3 cxd4 8. exd4 Nc6 9. Bb2 Bf5 10. c3 Ne4 11. Nbd2 Qa5 12. Nxe4 Bxe4 13. Re1 Rac8 14. Ng5 Bxg2 15. Kxg2 e6 16. Nf3 Ne7 17. Qd3 Nf5 18. a4 Nd6 19. Nd2 Rfd8 20. b4 Qc7 21. a5 Bh6 22. Nb3 Qc4 23. Qxc4 Rxc4 24. f4 g5 25. Nd2 Rc7 26. fxg5 Bxg5 27. Nf3 Bf6 28. Ne5 Nb5 29. Ng4 Bg7 30. Re3 Rdc8 31. a6 b6 32. Rf1 Nxc3 33. Bxc3 Rxc3 34. Rxc3 Rxc3 35. h4 h5 36. Ne5 Bxe5 37. dxe5 Rc4 38. b5 Rc5 39. Rb1 Kg7 40. Kf3 Kg6 0-1

[Event "Tallin Keres Memorial Rapid 32nd"]
[Site "Tallinn"]
[Date "2023.01.07"]
[Round "2"]
[White "Nyback, Tomi"]
[Black "Pedoson, Georg Aleksander"]
[Result "1-0"]
[WhiteElo "2567"]
[BlackElo "2253"]
[PlyCount "87"]
[EventDate "2023.01.07"]
[EventType "swiss (rapid)"]
[EventRounds "11"]
[EventCountry "EST"]
[SourceTitle "CBM 212 Extra"]
[Source "ChessBase"]
[SourceDate "2023.03.31"]
[SourceVersion "1"]
[SourceVersionDate "2023.03.31"]
[SourceQuality "1"]

1. d4 Nf6 2. c4 e6 3. Bf4 d5 4. cxd5 exd5 5. e3 Bd6 6. Bxd6 Qxd6 7. Bd3 0-0 8. Nc3 c6 9. h3 Re8 10. Qc2 Nbd7 11. Nf3 Nf8 12. Ne5 N6d7 13. Nxd7 Bxd7 14. 0-0 Re6 15. Na4 b6 16. Rac1 Rae8 17. Bf5 Rf6 18. Bxd7 Qxd7 19. Nc3 Ng6 20. Ne2 Nh4 21. Ng3 Rh6 22. Rfe1 Nxg2 23. Kxg2 Qxh3+ 24. Kf3 Rf6+ 25. Ke2 Qg2 26. Rf1 h5 27. Kd3 h4 28. Nh1 Rf3 29. Rg1 Qh3 30. Qxc6 Qf5+ 31. Ke2 Qe4 32. Rc3 Rh3 33. Qd7 Re6 34. Qd8+ Re8 35. Qd7 Re6 36. Qd8+ Kh7 37. Qg5 g6 38. Rcc1 Qxd4 39. Rcd1 Qxb2+ 40. Kf1 Rh2 41. Qf4 Qb5+ 42. Ke1 Rh3 43. Qxf7+ Kh6 44. Qxe6 1-0

[Event "Keres Memorial rap 31st"]
[Site "Tallinn"]
[Date "2022.09.11"]
[Round "9"]
[White "Blomqvist, Erik"]
[Black "Nyback, Tomi"]
[Result "1/2-1/2"]
[WhiteElo "2523"]
[BlackElo "2566"]
[PlyCount "76"]
[EventDate "2022.09.10"]
[EventType "swiss (rapid)"]
[EventRounds "11"]
[EventCountry "EST"]
[SourceTitle "CBM 210 Extra"]
[Source "ChessBase"]
[SourceDate "2022.11.30"]
[SourceVersion "1"]
[SourceVersionDate "2022.11.30"]
[SourceQuality "1"]

1. e4 e5 2. Nf3 Nc6 3. Bb5 a6 4. Ba4 Nf6 5. 0-0 Be7 6. d3 b5 7. Bb3 d6 8. a3 Na5 9. Ba2 Be6 10. b4 Nc6 11. Bxe6 fxe6 12. c3 0-0 13. Re1 a5 14. Qb3 Qd7 15. Ra2 Nh5 16. d4 exd4 17. Nxd4 Nxd4 18. cxd4 axb4 19. d5 Nf4 20. Bxf4 Rxf4 21. axb4 Rxa2 22. Qxa2 exd5 23. Nc3 Rf7 24. Nxd5 Bf8 25. Rc1 c6 26. Ne3 Qa7 27. Qb3 Qd4 28. Rxc6 Qxe4 29. Rb6 d5 30. Rxb5 d4 31. Rf5 Qe8 32. Rxf7 Qxf7 33. Nc4 Qd5 34. Qd3 Bxb4 35. g3 Bc5 36. Nd2 Be7 37. Ne4 Kf7 38. h4 h6 1/2-1/2

[Event "Keres Memorial rap 31st"]
[Site "Tallinn"]
[Date "2022.09.11"]
[Round "8"]
[White "Nyback, Tomi"]
[Black "Shabalov, Alexander"]
[Result "1-0"]
[WhiteElo "2566"]
[BlackElo "2514"]
[PlyCount "73"]
[EventDate "2022.09.10"]
[EventType "swiss (rapid)"]
[EventRounds "11"]
[EventCountry "EST"]
[SourceTitle "CBM 210 Extra"]
[Source "ChessBase"]
[SourceDate "2022.11.30"]
[SourceVersion "1"]
[SourceVersionDate "2022.11.30"]
[SourceQuality "1"]

1. d4 g6 2. c4 Bg7 3. e4 d6 4. Nc3 Nc6 5. Nge2 e5 6. Be3 a6 7. Qd2 Nf6 8. f3 0-0 9. d5 Na5 10. Nc1 c5 11. b4 cxb4 12. Na4 b5 13. Nb6 Rb8 14. Qxb4 Nxe4 15. fxe4 Qh4+ 16. Bf2 Qxe4+ 17. Be2 Bh3 18. Qxa5 Bxg2 19. Rg1 Bf3 20. Qc3 Bxe2 21. Nxe2 bxc4 22. Qxc4 Qf5 23. Ng3 Qf3 24. Rc1 e4 25. Qe2 Qa3 26. Qe3 Qxa2 27. Kf1 f5 28. Rc7 f4 29. Rxg7+ Kxg7 30. Qd4+ Kg8 31. Nh5 Rb7 32. Nf6+ Rxf6 33. Qxf6 f3 34. Qe6+ Rf7 35. Qxe4 Qa1+ 36. Qe1 Qb2 37. Rg4 1-0

[Event "Keres Memorial rap 31st"]
[Site "Tallinn"]
[Date "2022.09.10"]
[Round "5"]
[White "Volodin, Aleksandr"]
[Black "Nyback, Tomi"]
[Result "1/2-1/2"]
[WhiteElo "2429"]
[BlackElo "2566"]
[PlyCount "132"]
[EventDate "2022.09.10"]
[EventType "swiss (rapid)"]
[EventRounds "11"]
[EventCountry "EST"]
[SourceTitle "CBM 210 Extra"]
[Source "ChessBase"]
[SourceDate "2022.11.30"]
[SourceVersion "1"]
[SourceVersionDate "2022.11.30"]
[SourceQuality "1"]

1. d4 Nf6 2. c4 g6 3. g3 d5 4. cxd5 Nxd5 5. Bg2 Bg7 6. e4 Nb6 7. Ne2 c5 8. d5 0-0 9. 0-0 e6 10. Nec3 Na6 11. Bf4 c4 12. Na3 Nb4 13. Be3 exd5 14. exd5 Nd3 15. Nxc4 Nxf2 16. Bxf2 Nxc4 17. Qe2 Ne5 18. h3 Bf5 19. Ne4 Re8 20. Rfe1 Rc8 21. Rad1 Nc4 22. d6 Qd7 23. b3 Na3 24. g4 Bxe4 25. Bxe4 Nb5 26. Qf3 Nc3 27. Bxb7 Nxd1 28. Bxc8 Rxc8 29. Rxd1 Be5 30. Qd5 Bf6 31. Rd2 h5 32. Qf3 Bg5 33. Rd5 Bh6 34. gxh5 Qe6 35. d7 Rd8 36. hxg6 fxg6 37. Qd3 Bf4 38. Kg2 Kh7 39. Bxa7 Bc7 40. Bf2 Qc6 41. Qc4 Qb7 42. Kg1 Bb6 43. Bxb6 Qxb6+ 44. Qd4 Qc7 45. Kg2 Qc2+ 46. Kg3 Kg8 47. Qd3 Qc7+ 48. Kg2 Qc6 49. Kh2 Kh7 50. Rd4 Qc7+ 51. Kg2 Qc6+ 52. Kg1 Qc1+ 53. Kh2 Qc7+ 54. Kg2 Qc6+ 55. Qf3 Qe6 56. Qg4 Qb6 57. Qh4+ Kg8 58. Qe4 Qf6 59. Rd3 Rf8 60. Rf3 Qg5+ 61. Qg4 Qd2+ 62. Kg1 Qe1+ 63. Kg2 Qd2+ 64. Kg3 Qe1+ 65. Kg2 Qd2+ 66. Kg3 Qe1+ 1/2-1/2

[Event "FIN-chT 2022"]
[Site "Finland"]
[Date "2021.10.16"]
[Round "3.1"]
[White "Nyback, Tomi"]
[Black "Koykka, Pekka"]
[Result "1/2-1/2"]
[WhiteElo "2573"]
[BlackElo "2368"]
[PlyCount "182"]
[EventDate "2020.09.12"]
[EventType "team-tourn"]
[EventRounds "11"]
[EventCountry "FIN"]
[SourceTitle "EXT 2023"]
[Source "ChessBase"]
[SourceDate "2022.10.05"]
[SourceVersion "1"]
[SourceVersionDate "2022.10.05"]
[SourceQuality "1"]
[WhiteTeam "Helsinki Aatos"]
[BlackTeam "Gambiitti"]
[WhiteTeamCountry "FIN"]
[BlackTeamCountry "FIN"]

1. d4 Nf6 2. c4 c5 3. d5 b5 4. cxb5 a6 5. bxa6 g6 6. Nc3 Bg7 7. e4 0-0 8. a7 Rxa7 9. Nf3 e6 10. Be2 exd5 11. exd5 d6 12. 0-0 Na6 13. Nb5 Rd7 14. Nc3 Bb7 15. Bb5 Re7 16. Bf4 Qb6 17. a4 Nb4 18. a5 Qc7 19. Bc4 Ra8 20. Nb5 Qd7 21. Bxd6 Re4 22. b3 Nfxd5 23. Bxc5 Bxa1 24. Bxb4 Rg4 25. g3 Bg7 26. Bc3 Re4 27. Bxg7 Kxg7 28. Nc3 Rxc4 29. bxc4 Nf6 30. Qxd7 Nxd7 31. Nd2 Rxa5 32. Rb1 Bc6 33. f4 g5 34. Nb3 Ra3 35. fxg5 Nc5 36. Nd4 Rxc3 37. Nxc6 Rxc4 38. Rf1 Re4 39. Rf5 Ne6 40. h4 Nd4 41. Nxd4 Rxd4 42. Kg2 Rd6 43. Kh3 Rb6 44. Kg4 Ra6 45. Rd5 Rb6 46. Kf5 Ra6 47. h5 h6 48. gxh6+ Rxh6 49. g4 Rf6+ 50. Ke4 Rf1 51. Rg5+ Kh6 52. Ra5 Re1+ 53. Kf3 Rf1+ 54. Kg3 Rg1+ 55. Kh3 Rf1 56. Rb5 Ra1 57. Rf5 Kg7 58. Kh4 f6 59. Rb5 Ra3 60. Rb7+ Kh6 61. Re7 Rb3 62. Re6 Kg7 63. Re2 Ra3 64. Rg2 Rb3 65. Rg3 Rb1 66. Rf3 Ra1 67. Kg3 Rb1 68. Rd3 Rg1+ 69. Kf4 Rf1+ 70. Ke3 Re1+ 71. Kf2 Rb1 72. Rd7+ Kg8 73. Kg2 Rc1 74. h6 Rc5 75. Rg7+ Kh8 76. Kg3 Rc1 77. Rf7 Rf1 78. Kg2 Rf4 79. Kh3 Kg8 80. Re7 Rf1 81. Kg2 Rf4 82. Kg3 Rf1 83. Rg7+ Kh8 84. Rf7 Kg8 85. h7+ Kh8 86. Kg2 Rf4 87. Kh3 Rf1 88. g5 Rh1+ 89. Kg4 fxg5 90. Kxg5 Rxh7 91. Rxh7+ Kxh7 1/2-1/2

[Event "Puhajarve rap op 20th"]
[Site "Puhajarve"]
[Date "2019.11.30"]
[Round "22"]
[White "Blomqvist, Erik"]
[Black "Nyback, Tomi"]
[Result "1/2-1/2"]
[WhiteElo "2523"]
[BlackElo "2559"]
[PlyCount "120"]
[EventDate "2019.11.29"]
[EventType "tourn (rapid)"]
[EventRounds "35"]
[EventCountry "EST"]
[SourceTitle "CBM 193 Extra"]
[Source "ChessBase"]
[SourceDate "2020.01.31"]
[SourceVersion "1"]
[SourceVersionDate "2020.01.31"]
[SourceQuality "1"]

1. e4 e5 2. Nf3 Nc6 3. Bb5 a6 4. Ba4 Nf6 5. 0-0 Be7 6. Re1 b5 7. Bb3 d6 8. a4 Bd7 9. c3 Na5 10. Bc2 c5 11. d4 Qb8 12. axb5 axb5 13. Bg5 h6 14. Bh4 Be6 15. Bg3 Nd7 16. h3 f6 17. Nh4 0-0 18. Nf5 Bxf5 19. exf5 Ra7 20. Nd2 Kh8 21. Qf3 cxd4 22. cxd4 Nc4 23. Nxc4 bxc4 24. Rxa7 Qxa7 25. Qd5 Nb6 26. Qe6 Re8 27. Kh1 Qb8 28. Rd1 Bf8 29. Qf7 Re7 30. Qh5 Ra7 31. f4 exd4 32. Rxd4 d5 33. Rd1 Ra2 34. Re1 Ra8 35. Bf2 Kg8 36. Bd4 Nd7 37. Qf3 Qb7 38. Qe3 Kh8 39. Bd1 Rc8 40. Bf3 Nc5 41. g4 Nd3 42. Rg1 Bc5 43. g5 Bxd4 44. Qxd4 Qxb2 45. Qxb2 Nxb2 46. Bxd5 c3 47. Be6 Rd8 48. Bb3 fxg5 49. fxg5 Rb8 50. Bc2 hxg5 51. Rxg5 Nc4 52. Rg3 Na3 53. Rxc3 Nxc2 54. Rxc2 Rb5 55. Rf2 Kh7 56. Kg2 Kh6 57. Kg3 Kg5 58. h4+ Kf6 59. Rf4 Rxf5 60. Rxf5+ Kxf5 1/2-1/2

[Event "Puhajarve rap op 20th"]
[Site "Puhajarve"]
[Date "2019.11.30"]
[Round "24"]
[White "Dubrovin, Robert"]
[Black "Nyback, Tomi"]
[Result "0-1"]
[WhiteElo "2215"]
[BlackElo "2559"]
[PlyCount "112"]
[EventDate "2019.11.29"]
[EventType "tourn (rapid)"]
[EventRounds "35"]
[EventCountry "EST"]
[SourceTitle "CBM 193 Extra"]
[Source "ChessBase"]
[SourceDate "2020.01.31"]
[SourceVersion "1"]
[SourceVersionDate "2020.01.31"]
[SourceQuality "1"]

1. d4 Nf6 2. c4 g6 3. Nc3 d5 4. Nf3 Bg7 5. e3 0-0 6. b4 c6 7. Bb2 Bg4 8. h3 Bxf3 9. Qxf3 e6 10. Bd3 a5 11. bxa5 Qxa5 12. 0-0 Nbd7 13. Qe2 Nb6 14. c5 Nbd7 15. f4 b6 16. cxb6 Nxb6 17. a4 Rfc8 18. Kh2 Nfd7 19. Rfc1 c5 20. Nb5 cxd4 21. Nxd4 Rxc1 22. Bxc1 Nc5 23. Bc2 Nc4 24. Rb1 Qd8 25. Bd3 Nxa4 26. Bd2 Nxd2 27. Qxd2 Nc5 28. Bc2 h5 29. Qb4 Rc8 30. Nf3 Nd7 31. Bd3 Rb8 32. Qd6 Rxb1 33. Bxb1 Bf8 34. Qc6 Bc5 35. Bxg6 fxg6 36. Qxe6+ Kg7 37. Ng5 Qe7 38. Qxd5 Bxe3 39. g3 Bb6 40. h4 Qe2+ 41. Kh3 Qf1+ 42. Qg2 Qxg2+ 43. Kxg2 Kf6 44. Ne4+ Ke6 45. Ng5+ Kf5 46. Nf7 Nf6 47. Nd6+ Kg4 48. Nc4 Bd4 49. Nd6 Nd5 50. Nf7 Ne3+ 51. Kh2 Nf1+ 52. Kg2 Nxg3 53. Nh6+ Kxf4 54. Kh3 Ne4 55. Nf7 Bf6 56. Nh8 Bxh8 0-1

[Event "Puhajarve rap op 20th"]
[Site "Puhajarve"]
[Date "2019.11.30"]
[Round "15"]
[White "Jussupow, Artur"]
[Black "Nyback, Tomi"]
[Result "1-0"]
[WhiteElo "2563"]
[BlackElo "2559"]
[PlyCount "106"]
[EventDate "2019.11.29"]
[EventType "tourn (rapid)"]
[EventRounds "35"]
[EventCountry "EST"]
[SourceTitle "CBM 193 Extra"]
[Source "ChessBase"]
[SourceDate "2020.01.31"]
[SourceVersion "1"]
[SourceVersionDate "2020.01.31"]
[SourceQuality "1"]

1. d4 Nf6 2. Nf3 g6 3. c4 Bg7 4. Nc3 d5 5. e3 c5 6. dxc5 Qa5 7. cxd5 Nxd5 8. Qxd5 Bxc3+ 9. Bd2 Bxd2+ 10. Qxd2 Qxd2+ 11. Nxd2 0-0 12. Rc1 Rd8 13. Nb3 Nc6 14. Bb5 Be6 15. Bxc6 bxc6 16. Na5 Rdb8 17. b3 Bd5 18. 0-0 Rb5 19. Nc4 Rxc5 20. Nb2 Rxc1 21. Rxc1 Kf8 22. f3 Rc8 23. Nd3 Be6 24. Nc5 Ke8 25. Nxe6 fxe6 26. Kf2 c5 27. Rc4 Kd7 28. Ra4 Rc7 29. Ke2 Kd6 30. Kd3 Kd5 31. e4+ Ke5 32. Kc4 g5 33. Ra5 Kd6 34. g3 h5 35. f4 gxf4 36. gxf4 h4 37. e5+ Kd7 38. Rxc5 Rb7 39. b4 h3 40. Kb3 Rb8 41. Rc3 Rf8 42. Rxh3 Rxf4 43. Re3 Rh4 44. h3 Kc6 45. a4 a6 46. Rc3+ Kb6 47. a5+ Kb7 48. Rf3 Rh5 49. Rf7 Rxe5 50. Rxe7+ Kc6 51. Ra7 Re3+ 52. Ka4 Rxh3 53. Rxa6+ Kd5 1-0

[Event "Puhajarve rap op 20th"]
[Site "Puhajarve"]
[Date "2019.11.30"]
[Round "28"]
[White "Laine, Panu"]
[Black "Nyback, Tomi"]
[Result "0-1"]
[WhiteElo "2039"]
[BlackElo "2559"]
[PlyCount "66"]
[EventDate "2019.11.29"]
[EventType "tourn (rapid)"]
[EventRounds "35"]
[EventCountry "EST"]
[SourceTitle "CBM 193 Extra"]
[Source "ChessBase"]
[SourceDate "2020.01.31"]
[SourceVersion "1"]
[SourceVersionDate "2020.01.31"]
[SourceQuality "1"]

1. e4 e5 2. Nf3 Nc6 3. Bb5 a6 4. Ba4 Nf6 5. Qe2 b5 6. Bb3 Bc5 7. c3 d6 8. d3 Be6 9. Bg5 h6 10. Bh4 g5 11. Bg3 Qe7 12. Nbd2 Rg8 13. Nf1 Bxb3 14. axb3 Qe6 15. b4 Bb6 16. Ne3 Ne7 17. Nd2 h5 18. f3 Ng6 19. Nf5 h4 20. Bf2 Nf4 21. Qf1 Bxf2+ 22. Kxf2 g4 23. g3 Nh3+ 24. Ke2 hxg3 25. hxg3 d5 26. fxg4 Ng5 27. Rh6 dxe4 28. dxe4 Rd8 29. Rd1 Ngxe4 30. Nxe4 Qc4+ 31. Kf3 Qxe4+ 32. Kf2 Nxg4+ 33. Kg1 Rxd1 0-1

[Event "Puhajarve rap op 20th"]
[Site "Puhajarve"]
[Date "2019.11.30"]
[Round "21"]
[White "Meskovs, Nikita"]
[Black "Nyback, Tomi"]
[Result "1/2-1/2"]
[WhiteElo "2550"]
[BlackElo "2559"]
[PlyCount "82"]
[EventDate "2019.11.29"]
[EventType "tourn (rapid)"]
[EventRounds "35"]
[EventCountry "EST"]
[SourceTitle "CBM 193 Extra"]
[Source "ChessBase"]
[SourceDate "2020.01.31"]
[SourceVersion "1"]
[SourceVersionDate "2020.01.31"]
[SourceQuality "1"]

1. d4 Nf6 2. c4 g6 3. Nc3 d5 4. Nf3 Bg7 5. Bg5 Ne4 6. cxd5 Nxg5 7. Nxg5 e6 8. Nf3 exd5 9. e3 a5 10. Bd3 0-0 11. 0-0 c6 12. a3 Bg4 13. Be2 Nd7 14. Ne1 Bxe2 15. Nxe2 a4 16. Nd3 Nb6 17. Nc3 Ra7 18. Qc2 Qe7 19. Nc5 Rfa8 20. Rad1 Qc7 21. h4 h5 22. Rfe1 Ra5 23. g3 Bf8 24. Nd3 Bg7 25. Nf4 Re8 26. Kg2 Qd7 27. Re2 Raa8 28. Nd3 Qf5 29. Nc5 Qxc2 30. Rxc2 Ra7 31. Nb1 Nc4 32. Nd2 b5 33. Nd3 Bf8 34. Re1 Bd6 35. Nb1 Rae7 36. Nc3 f6 37. Na2 Kf7 38. Nab4 Rc8 39. Rce2 f5 40. Rd1 Re6 41. Nc2 Re7 1/2-1/2

[Event "Puhajarve rap op 20th"]
[Site "Puhajarve"]
[Date "2019.11.29"]
[Round "6"]
[White "Nyback, Tomi"]
[Black "Kanep, Meelis"]
[Result "1-0"]
[WhiteElo "2559"]
[BlackElo "2445"]
[PlyCount "43"]
[EventDate "2019.11.29"]
[EventType "tourn (rapid)"]
[EventRounds "35"]
[EventCountry "EST"]
[SourceTitle "CBM 193 Extra"]
[Source "ChessBase"]
[SourceDate "2020.01.31"]
[SourceVersion "1"]
[SourceVersionDate "2020.01.31"]
[SourceQuality "1"]

1. d4 Nf6 2. c4 d6 3. Nf3 g6 4. Nc3 Bf5 5. Nh4 Bd7 6. e4 e5 7. Nf3 exd4 8. Nxd4 Bg7 9. Be2 0-0 10. 0-0 Re8 11. f3 Nc6 12. Nc2 Nh5 13. g4 Be5 14. f4 Bxc3 15. bxc3 Nf6 16. e5 dxe5 17. f5 gxf5 18. Bg5 Re6 19. gxf5 Rd6 20. Qe1 h6 21. Bxh6 Nh7 22. Qg3+ 1-0

[Event "Puhajarve rap op 20th"]
[Site "Puhajarve"]
[Date "2019.11.29"]
[Round "10"]
[White "Nyback, Tomi"]
[Black "Petursson, Margeir"]
[Result "1-0"]
[WhiteElo "2559"]
[BlackElo "2464"]
[PlyCount "87"]
[EventDate "2019.11.29"]
[EventType "tourn (rapid)"]
[EventRounds "35"]
[EventCountry "EST"]
[SourceTitle "CBM 193 Extra"]
[Source "ChessBase"]
[SourceDate "2020.01.31"]
[SourceVersion "1"]
[SourceVersionDate "2020.01.31"]
[SourceQuality "1"]

1. d4 Nf6 2. c4 e6 3. Nf3 Bb4+ 4. Bd2 a5 5. g3 d6 6. Bg2 Nbd7 7. 0-0 e5 8. dxe5 dxe5 9. Nc3 c6 10. Qc2 0-0 11. a3 Be7 12. Rfd1 h6 13. Na4 Qc7 14. c5 e4 15. Bf4 Qd8 16. Nd2 Nd5 17. Nxe4 Nxf4 18. gxf4 Qc7 19. e3 b5 20. cxb6 Nxb6 21. Rac1 Bf5 22. Nac3 Bg4 23. Ne2 Rad8 24. Rxd8 Rxd8 25. Nd4 Rxd4 26. exd4 Qxf4 27. Qxc6 Nd5 28. Re1 Be6 29. Ng3 Nf6 30. d5 Bd7 31. Qc1 Qd6 32. Ne4 Nxe4 33. Rxe4 Bf6 34. b4 axb4 35. axb4 Bf5 36. Re8+ Kh7 37. Qc5 Qa6 38. Be4 Bxe4 39. Rxe4 Qd3 40. Qc4 Qd1+ 41. Kg2 Qd2 42. b5 Bd8 43. Re3 Qb2 44. Qd3+ 1-0

[Event "EU-chT 22nd"]
[Site "Batumi"]
[Date "2019.10.27"]
[Round "4.9"]
[White "Gledura, Benjamin"]
[Black "Nyback, Tomi"]
[Result "0-1"]
[WhiteElo "2654"]
[BlackElo "2565"]
[PlyCount "112"]
[EventDate "2019.10.24"]
[EventType "team-swiss"]
[EventRounds "9"]
[EventCountry "GEO"]
[SourceTitle "CBM 193"]
[Source "ChessBase"]
[SourceDate "2019.12.31"]
[SourceVersion "1"]
[SourceVersionDate "2019.12.31"]
[SourceQuality "1"]
[WhiteTeam "Hungary"]
[BlackTeam "Finland"]
[WhiteTeamCountry "HUN"]
[BlackTeamCountry "FIN"]

1. d4 d5 2. c4 c6 3. cxd5 cxd5 4. Bf4 Nf6 5. Nc3 Nc6 6. e3 Bf5 7. Qb3 Na5 8. Qa4+ Bd7 9. Qc2 Rc8 10. Bd3 b5 11. a3 g6 12. Nf3 Bg7 13. Qe2 Nc4 14. 0-0 0-0 15. Rfc1 a6 16. a4 b4 17. Nxd5 Nxd5 18. Bxc4 Nxf4 19. exf4 Bg4 20. Bxa6 Rxc1+ 21. Rxc1 Bxd4 22. Rc4 Qb6 23. Bb5 Rd8 24. Rc2 b3 25. Rd2 Qc5 26. Qc4 Bxf2+ 27. Kf1 Rc8 28. Qxc5 Bxc5 29. Rd3 Bd6 30. Rxb3 Rc1+ 31. Ke2 Bxf4 32. a5 Be6 33. Rc3 Rb1 34. Rc2 Bb3 35. Rc8+ Kg7 36. a6 Rxb2+ 37. Kd3 Ra2 38. Nd4 Bd5 39. g3 Bd6 40. Nc6 Kf6 41. Nd4 Ra5 42. Kc2 Ke5 43. Nc6+ Bxc6 44. Bxc6 Rxa6 45. Be8 Ra2+ 46. Kd1 Rxh2 47. Bxf7 Kf6 48. Bc4 Bxg3 49. Rf8+ Kg5 50. Rf7 e5 51. Bd3 Bf4 52. Be4 Rd2+ 53. Ke1 Rd4 54. Bc2 h5 55. Re7 Rd6 56. Be4 Kg4 0-1

[Event "EU-chT 22nd"]
[Site "Batumi"]
[Date "2019.10.24"]
[Round "1.14"]
[White "Nyback, Tomi"]
[Black "Cheparinov, Ivan"]
[Result "1/2-1/2"]
[WhiteElo "2565"]
[BlackElo "2670"]
[PlyCount "60"]
[EventDate "2019.10.24"]
[EventType "team-swiss"]
[EventRounds "9"]
[EventCountry "GEO"]
[SourceTitle "CBM 193"]
[Source "ChessBase"]
[SourceDate "2019.12.31"]
[SourceVersion "1"]
[SourceVersionDate "2019.12.31"]
[SourceQuality "1"]
[WhiteTeam "Finland"]
[BlackTeam "Georgia"]
[WhiteTeamCountry "FIN"]
[BlackTeamCountry "GEO"]

1. d4 Nf6 2. c4 g6 3. Nc3 d5 4. cxd5 Nxd5 5. e4 Nxc3 6. bxc3 Bg7 7. Nf3 c5 8. Bb5+ Nc6 9. Rb1 0-0 10. d5 a6 11. Be2 Ne5 12. Nxe5 Bxe5 13. 0-0 e6 14. Be3 exd5 15. Qxd5 Qxd5 16. exd5 b5 17. c4 Bf5 18. Rbc1 Bd6 19. cxb5 axb5 20. Bxb5 Rxa2 21. Bxc5 Bxc5 22. Rxc5 Ra5 23. Rfc1 Rb8 24. Bf1 Rxc5 25. Rxc5 Rb1 26. Rc3 Rd1 27. f3 Rxd5 28. Kf2 Kg7 29. h4 h5 30. Be2 Rd6 1/2-1/2